000 00359nam a2200145Ia 4500
008 230719s9999 xx 000 0 und d
041 _aeng
082 _a658.15
_bBRI
100 _aBrigham E.
_9203901
245 _aFundamentals Of Financial Management
260 _c2004
_bThomson
300 _a831
365 _cRs.
_b416.00
700 _aBrigham E.
_9203901
999 _c354505
_d354505